La société de Vienne / (Record no. 167034)

MARC details
000 -LEADER
campo de control de longitud fija 00629nam a2200181 i 4500
001 - NÚMERO DE CONTROL
campo de control 167034
003 - IDENTIFICADOR DE NÚMERO DE CONTROL
campo de control ES-MaACL
005 - FECHA Y HORA DE LA ÚLTIMA TRANSACCIÓN
campo de control 20230906213439.0
008 - DATOS DE LONGITUD FIJA--INFORMACIÓN GENERAL
campo de control de longitud fija 050923s1885 fr | |||||||| ||fre d
040 ## - FUENTE DE CATALOGACIÓN
Centro catalogador/agencia de origen CAM
Lengua de catalogación spa
Centro/agencia transcriptor CAM
100 1# - ENTRADA PRINCIPAL--NOMBRE DE PERSONA
Nombre de persona Vasili, Paul
Títulos y otros términos asociados al nombre comte (
Fechas asociadas al nombre 1858-1941)
9 (RLIN) 133568
245 13 - MENCIÓN DEL TÍTULO
Título La société de Vienne /
Mención de responsabilidad, etc. Comte Paul Vasili; augm. de lettres inédites.
250 ## - MENCION DE EDICION
Mención de edición 12e éd.
260 ## - PUBLICACIÓN, DISTRIBUCIÓN, ETC.
Lugar de publicación, distribución, etc. Paris :
Nombre del editor, distribuidor, etc. Nouvelle Revue,
Fecha de publicación, distribución, etc. 1885 (
Fabricante Typographie Georges Chamerot)
300 ## - DESCRIPCIÓN FÍSICA
Extensión 446 p. ;
Dimensiones 24 cm.
651 #4 - PUNTO DE ACCESO ADICIONAL DE MATERIA--NOMBRE GEOGRÁFICO
Nombre geográfico Viena-
Subdivisión general Usos y costumbres.
9 (RLIN) 162185
852 ## - LOCALIZACIÓN
Ubicación ES-MaACL
Número de control de estantería G-8466
Nota libre -- Enc. hol. conservando la cub. original
Holdings
Estatus retirado Estado de pérdida Estado de daño No para préstamo Colección Biblioteca de origen Biblioteca actual Ubicación en estantería Fecha de adquisición Fuente de adquisición Total de préstamos Signatura topográfica completa Código de barras Visto por última vez Precio de reemplazo Tipo de ítem Koha
        Libros del s. XIX Biblioteca del Ateneo de Madrid Biblioteca del Ateneo de Madrid Sala Pecera Planta 3 17/01/2008     G-8466 1175215 23/02/2023 23/02/2023 Libro impreso antiguo